000 00624nam a2200181Ia 4500
008 090124s9999 xx 000 0 und d
082 _b4481
100 _aकाणेकर अनंत
245 _a राखेंतले निखारे
250 _a0
260 _bकॉन्टिनेन्टल बुक सव्र्हिस-पुणें
_c1941
300 _a95
600 _aकाणेकर अनंत
630 _a राखेंतले निखारे
700 _aकाणेकर अनंत
730 _a राखेंतले निखारे
942 _cBOOK
999 _c84515
_d84515